Größte Städte Deutschlands an der Elbe - Statistiken

Allgemein
  • Dieses Quiz wurde 174 mal gespielt
  • Das Durchschnittsergebnis liegt bei 9 aus 20
Antwortstatistiken
Einwohner Bundesland Stadt % Korrekt
1.899.160 Hamburg Hamburg
100%
556.780 Sachsen Dresden
96%
237.565 Sachsen-Anhalt Magdeburg
95%
80.103 Sachsen-Anhalt Dessau-Roßlau
76%
45.752 Sachsen-Anhalt Wittenberg
52%
38.422 Sachsen Pirna
50%
28.282 Sachsen Meißen
48%
47.703 Niedersachsen Stade
48%
48.164 Niedersachsen Cuxhaven
46%
29.754 Sachsen Riesa
43%
33.894 Sachsen Radebeul
39%
19.883 Sachsen Torgau
36%
20.739 Sachsen Coswig (Sachsen)
31%
33.708 Schleswig-Holstein Wedel
27%
30.688 Schleswig-Holstein Geesthacht
24%
30.532 Sachsen-Anhalt Schönebeck (Elbe)
24%
35.227 Niedersachsen Winsen (Luhe)
22%
22.406 Sachsen-Anhalt Burg
19%
41.591 Niedersachsen Seevetal
16%
21.470 Sachsen-Anhalt Zerbst/Anhalt
12%
Keine übereinstimmenden Quizze gefunden
Verteilung der Resultate
Anzahl Personen mit jedem Resultat
Perzentil nach korrekt beantworteten Fragen
Ihre Resultats-Entwicklung
Sie haben dieses Quiz noch nicht gespielt